000 01021nam a2200265 i 4500
001 18915
003 ES-MaACL
005 20230906151943.0
007 t|
008 020410s2001 sp ||||1| spa d
020 _a84-87311-18-0
080 _a946.035.2 Baeza
100 1 _aRodríguez-Moñino Soriano, Rafael.
_998682
245 1 0 _aTradiciones, relatos devocionales y episodios históricos en la ciudad de Baeza /
_cRafael Rodríguez-Moñino Soriano, José Policarpo Cruz Cabrera ; fotografías de Pedro Narvèz Moreno y Domingo López (s.XIX).
260 _aMadrid :
_bAsociación Cultural Beturia ;
_aBaeza :
_bAyuntamiento,
_c[2001]
300 _a211 p. :
_bil., fot. ;
_c22 cm.
651 4 _aBaeza-
_xHistoria.
_9157691
700 1 _aCruz Cabrera, José Policarpo.
_941816
700 1 _aNarvèz Moreno, Pedro.
_9130399
700 1 _aLópez, Domingo.
_973322
710 2 _aAsociación Cultural Beturia.
_91530
710 1 _aBaeza.
_bAyuntamiento.
_92083
852 _aES-MaACL
_jL-25400
999 _c18915
_d18915